2025 F1 grid - Statistics

General Stats
  • This quiz has been taken 23 times
  • The average score is 19 of 21
Answer Stats
Team Country Driver % Correct
Ferrari United Kingdom ๐Ÿ‡ฌ๐Ÿ‡ง Hamilton
100%
Ferrari Monaco ๐Ÿ‡ฒ๐Ÿ‡จ Leclerc
100%
McLaren United Kingdom ๐Ÿ‡ฌ๐Ÿ‡ง Norris
100%
McLaren Australia ๐Ÿ‡ฆ๐Ÿ‡บ Piastri
100%
Mercedes United Kingdom ๐Ÿ‡ฌ๐Ÿ‡ง Russell
100%
Aston Martin Canada ๐Ÿ‡จ๐Ÿ‡ฆ Stroll
100%
Red Bull Netherlands ๐Ÿ‡ณ๐Ÿ‡ฑ Verstappen
100%
Aston Martin Spain ๐Ÿ‡ช๐Ÿ‡ธ Alonso
96%
Williams Thailand ๐Ÿ‡น๐Ÿ‡ญ Albon
91%
Mercedes Italy ๐Ÿ‡ฎ๐Ÿ‡น Antonelli
91%
Sauber Germany ๐Ÿ‡ฉ๐Ÿ‡ช Hulkenberg
91%
Williams Spain ๐Ÿ‡ช๐Ÿ‡ธ Sainz
91%
Red Bull/Racing Bulls Japan ๐Ÿ‡ฏ๐Ÿ‡ต Tsunoda
91%
Alpine France ๐Ÿ‡ซ๐Ÿ‡ท Gasly
87%
Racing Bulls/Red Bull New Zealand ๐Ÿ‡ณ๐Ÿ‡ฟ Lawson
87%
Haas USA ๐Ÿ‡บ๐Ÿ‡ธ Bearman
83%
Alpine Argentina ๐Ÿ‡ฆ๐Ÿ‡ท Colapinto
83%
Racing Bulls France ๐Ÿ‡ซ๐Ÿ‡ท Hadjar
83%
Sauber Brazil ๐Ÿ‡ง๐Ÿ‡ท Bortoleto
78%
Alpine Australia ๐Ÿ‡ฆ๐Ÿ‡บ Doohan
78%
Haas France ๐Ÿ‡ซ๐Ÿ‡ท Ocon
74%
No matching quizzes found
Score Distribution
Percent of People with Each Score
Percentile by Number Answered
Your Score History
You have not taken this quiz